00237nam a22000977a 4500020001500000082001700015100002500032245002700057260004300084300001200127 a9559836412 a541.2242 PAT aHema M.K.K.Pathirana aCoordination Chemistry aSri Lanka bUniversity of Ruhunac2005 a158 Pg.